00351nam a2200133Ia 4500008004100000041000800041082001600049100002000065245004400085250000700129260004200136300003000178365000900208240624s9999 xx 000 0 und d aeng a332.722 BHU aBHUYAN VISHAL B aREVERSE MORTGAGES AND LINKED SECURITIES a11 c2011aNew JerseybJohn Wiley and Sons axx, : 188 : p. : cm. ; 23 cb27